| 000 | 00772nam a2200265 a 4500 | ||
|---|---|---|---|
| 001 | vtls001803779 | ||
| 003 | NLI | ||
| 005 | 20210629045721.0 | ||
| 008 | 140215s1879 xx d 000 0 eng | ||
| 039 | 9 |
_y201402152302 _zVLOAD |
|
| 040 |
_a NLI _b eng _c Entertech IMP - 2013 _e AACR2 |
||
| 041 | 0 | _aeng | |
| 044 | _axx | ||
| 082 | _a158 | ||
| 100 | 1 |
_aRask, Erasmus _91186347 |
|
| 245 | 1 | 2 |
_aA grammar of the Anglo-Saxon tongue / _cErasmus Rask ; with an English edition by B. Thorpe |
| 260 |
_a[S.l.] : _b[s.n.], _c1879 |
||
| 650 | 0 |
_aIbn Khallikans _xBiographical _vDictionaries |
|
| 700 | 1 |
_aThorpe, B, _4edt _9864519 |
|
| 887 | _a | ||
| 901 | _aIMP45693 | ||
| 902 | _a158 C 63. | ||
| 949 |
_AVIRTUAITEM _D10000 _X100 _6IMP000045693ENG |
||
| 942 |
_2ddc _cBKS |
||
| 999 |
_c1237306 _d1237306 |
||